A method of isolating treadmill shock and vibration on spacecraft /

Bibliographic Details
Main Author: Thornton, William E.
Corporate Author: Lyndon B. Johnson Space Center
Format: Government Document Book
Language:English
Published: Houston, Tex. : National Aeronautics and Space Administration, Lyndon B. Johnson Space Center, [1989]
Series:NASA technical memorandum ; 100474.
Subjects:
Online Access:https://purl.fdlp.gov/GPO/LPS112180

MARC

Tag First Indicator Second Indicator Subfields
LEADER 00000cam a2200000Ia 4500
001 in00002492490
005 20211202191527.0
006 m d f
008 090505s1989 txua sb f000 0 eng d
035 |a (OCoLC)ocn320242426 
037 |a N 89-24790  |b NASA 
040 |a GPO  |c GPO  |d MvI  |d UtOrBLW 
049 |a WWW 
074 |a 0830-D (online) 
086 0 |a NAS 1.15:100474 
100 1 |a Thornton, William E. 
245 1 2 |a A method of isolating treadmill shock and vibration on spacecraft /  |c William E. Thornton. 
264 1 |a Houston, Tex. :  |b National Aeronautics and Space Administration, Lyndon B. Johnson Space Center,  |c [1989] 
300 |a 15 pages :  |b digital, PDF file. 
336 |a text  |b txt  |2 rdacontent 
337 |a computer  |b c  |2 rdamedia 
338 |a unspecified  |b zu  |2 rdacarrier 
490 1 |a NASA technical memorandum ;  |v 100474 
538 |a Mode of access: Internet from the NTRS web site. Address as of 05/04/09: http://ntrs.nasa.gov/archive/nasa/casi.ntrs.nasa.gov/19890015419%5F1989015419.pdf ; current access is available via PURL. 
500 |a Title from title screen (viewed May 4, 2009). 
500 |a "April 1989." 
504 |a Includes bibliographical references (page 3). 
500 |a Electronic resource. 
650 7 |a Shock resistance.  |2 nasat 
650 7 |a Spacecraft design.  |2 nasat 
650 7 |a Treadmills.  |2 nasat 
650 7 |a Vibration isolators.  |2 nasat 
650 7 |a Vibration tests.  |2 nasat 
776 1 |a Thornton, William E.  |t A method of isolating treadmill shock and vibration on spacecraft.  |h 15 p.  |w (OCoLC)50265125 
710 2 |a Lyndon B. Johnson Space Center. 
830 0 |a NASA technical memorandum ;  |v 100474. 
856 4 0 |u https://purl.fdlp.gov/GPO/LPS112180  |t 0 
999 |a MARS 
999 f f |s f352a2e0-f01d-3a58-8aaf-156914f8ecd3  |i d313cc89-5040-3337-a6a4-6a2c97880d8f  |t 0 
952 f f |a Texas A&M University  |b College Station  |c Electronic Resources  |d Available Online  |t 0  |e NAS 1.15:100474  |h Superintendent of Documents classification 
998 f f |a NAS 1.15:100474  |t 0  |l Available Online